| 000 | 00424nam a2200157 i 4500 | ||
|---|---|---|---|
| 001 | 57015 | ||
| 003 | ES-MaACL | ||
| 005 | 20230906163509.0 | ||
| 007 | t| | ||
| 008 | 031014s1930 ag ||||1| spa d | ||
| 100 | 1 |
_aDobranich, Horacio H. _944942 |
|
| 245 | 1 | 0 |
_aUltimos cuentos / _cHoracio H. Dobranich. |
| 260 |
_aBuenos Aires : _bAdolfo Arial-Lantero, _c1930. |
||
| 300 |
_a202 p. ; _c19 cm. |
||
| 852 |
_aES-MaACL _jB-3680 |
||
| 999 |
_c57015 _d57015 |
||